000 00329nam a2200121Ia 4500
008 230907s9999||||xx |||||||||||||| ||und||
082 _a621.38223
_bOPP
100 _aOppenheim, Alan V.,
_969572
245 0 _aSignals & systems /
260 _aPrentice Hall,
_bUpper Saddle River, N.J. :
_c2018
300 _a944 p. :
942 _cBK
999 _c599986
_d599986